Normal view
MARC view
- 1. Islam.
Entry Topical Term
001 - CONTROL NUMBER
- control field: 20901
003 - CONTROL NUMBER IDENTIFIER
- control field: NUST
005 - DATE AND TIME OF LATEST TRANSACTION
- control field: 20190918132821.0
008 - FIXED-LENGTH DATA ELEMENTS
- fixed length control field: 190918|| aca||aabn | a|a d
040 ## - CATALOGING SOURCE
- Original cataloging agency: NUST
- Transcribing agency: NUST
150 ## - HEADING--TOPICAL TERM
- Topical term or geographic name entry element: 1. Islam.
670 ## - SOURCE DATA FOUND
- Source citation: Work cat.: (NUST): Abdul Waheed Khan 9274, Inter-Faith Essays and other Articles, 2012
